<?xml version="1.0" encoding="UTF-8"?>
<record
    xmlns:xsi="http://www.w3.org/2001/XMLSchema-instance"
    xsi:schemaLocation="http://www.loc.gov/MARC21/slim http://www.loc.gov/standards/marcxml/schema/MARC21slim.xsd"
    xmlns="http://www.loc.gov/MARC21/slim">

  <leader>01396nam a2200145   4500</leader>
  <controlfield tag="008">972.982 G561p</controlfield>
  <datafield tag="020" ind1=" " ind2=" ">
    <subfield code="a">9789875584655</subfield>
  </datafield>
  <datafield tag="082" ind1=" " ind2=" ">
    <subfield code="a">972.982</subfield>
    <subfield code="b">G561p</subfield>
  </datafield>
  <datafield tag="100" ind1=" " ind2=" ">
    <subfield code="a">Glissant, Edouard</subfield>
    <subfield code="9">7197</subfield>
  </datafield>
  <datafield tag="245" ind1=" " ind2=" ">
    <subfield code="a">Po&#xE9;tica de la relaci&#xF3;n </subfield>
  </datafield>
  <datafield tag="260" ind1=" " ind2=" ">
    <subfield code="a">Argentina</subfield>
    <subfield code="b">Universidad Nacional de Quilmes</subfield>
    <subfield code="c">2017</subfield>
  </datafield>
  <datafield tag="300" ind1=" " ind2=" ">
    <subfield code="a">248 p.</subfield>
    <subfield code="c">20 x 15 cm</subfield>
  </datafield>
  <datafield tag="505" ind1=" " ind2=" ">
    <subfield code="t">Pr&#xF3;logo de la presente edici&#xF3;n </subfield>
    <subfield code="r">Manuel Reb&#xF3;n </subfield>
    <subfield code="t">I. Acercamientos. Un abordaje, mil pasajes </subfield>
    <subfield code="t">Imaginario</subfield>
    <subfield code="t">La barca abierta </subfield>
    <subfield code="t">La errancia, el exilio </subfield>
    <subfield code="t">Po&#xE9;ticas </subfield>
    <subfield code="t">Una errancia arraigada </subfield>
    <subfield code="t">II. Elementos. Lo elemental se recompone absolutamente </subfield>
    <subfield code="t">Repeticiones </subfield>
    <subfield code="t">La extensi&#xF3;n y la filiaci&#xF3;n </subfield>
    <subfield code="t">Lugar cerrado, palabra abierta </subfield>
    <subfield code="t">De un barroco mundializado </subfield>
    <subfield code="t">Acerca de la informaci&#xF3;n del poema </subfield>
    <subfield code="t">III. Caminos. En voz alta, para marcar la distancia </subfield>
    <subfield code="t">Creolizaciones </subfield>
    <subfield code="t">Dictar, prescribir</subfield>
    <subfield code="t">Construir una torre </subfield>
    <subfield code="t">Transparencia y opacidad </subfield>
    <subfield code="t">La playa negra </subfield>
    <subfield code="t">IV. Teor&#xED;as. La teor&#xED;a es ausencia, oscura y propicia </subfield>
    <subfield code="t">Relaci&#xF3;n</subfield>
    <subfield code="t">Lo relativo y el caos </subfield>
    <subfield code="t">Las distancias determinantes</subfield>
    <subfield code="t">Aquello que, aquello que </subfield>
    <subfield code="t">Religado (relevado), relatado </subfield>
    <subfield code="t">V. Po&#xE9;tica. El ante, m&#xFA;ltiple infinito en subsistencia </subfield>
    <subfield code="t">Generalizaci&#xF3;n</subfield>
    <subfield code="t">Aquello siendo lo que no es</subfield>
    <subfield code="t">Para la opacidad </subfield>
    <subfield code="t">C&#xED;rculo abierto, Relaci&#xF3;n vivida </subfield>
    <subfield code="t">La playa ardiente </subfield>
    <subfield code="t">Referencias</subfield>
  </datafield>
  <datafield tag="650" ind1=" " ind2=" ">
    <subfield code="x">nacionalismo y literatura </subfield>
    <subfield code="x">Martinica </subfield>
    <subfield code="x">franc&#xE9;s</subfield>
    <subfield code="x">creole</subfield>
    <subfield code="x">historia - Martinica </subfield>
    <subfield code="x">lengua y cultura - Martinica </subfield>
    <subfield code="9">7198</subfield>
  </datafield>
  <datafield tag="999" ind1=" " ind2=" ">
    <subfield code="c">1855</subfield>
    <subfield code="d">1855</subfield>
  </datafield>
  <datafield tag="952" ind1=" " ind2=" ">
    <subfield code="0">0</subfield>
    <subfield code="1">0</subfield>
    <subfield code="2">ddc</subfield>
    <subfield code="4">0</subfield>
    <subfield code="7">0</subfield>
    <subfield code="a">LV</subfield>
    <subfield code="b">LV</subfield>
    <subfield code="c">Literatura</subfield>
    <subfield code="d">2019-10-03</subfield>
    <subfield code="l">0</subfield>
    <subfield code="o">972.982 G561p</subfield>
    <subfield code="r">2019-10-03 00:00:00</subfield>
    <subfield code="w">2019-10-03</subfield>
    <subfield code="y">01</subfield>
  </datafield>
</record>
